Quiz di cultura generale #75 - Statistics

Statistiche generali
  • Questo quiz è stato fatto 407 volte
  • Il punteggio medio è 11 su 20
Statistiche sulle risposte
DOMANDA RISPOSTA % Corretto
In quale città possiamo ammirare il Van Gogh Museum? Amsterdam
93%
Quanti lati ha un eptagono? 7
91%
Città che sconfisse Atene nella famosa Guerra del Peloponneso Sparta
91%
Quanti sono i pilastri delle religione islamica? 5
87%
Il simbolo dell'elio He
82%
L'organo che produce l'insulina Pancreas
78%
Confina solo con la Germania Danimarca
74%
La nazione che produce più olio d'oliva al mondo Spagna
74%
La sua capitale è Sacramento California
66%
Il fatturato di quale azienda è pari al 17% di quello sudcoreano, suo paese d'origine? Samsung
59%
La fidanzata di Tarzan Jane
58%
e invece quello di Edvard Munch? Oslo
43%
Il capitano del Nautilus in 20000 leghe sotto i mari Nemo
38%
La città più grande dell'Australia Occidentale Perth
38%
Quanti sono le tessere di un domino classico? 28
36%
Il nome del filosofo Schopenhauer Arthur
35%
L'isola più grande delle Grandi Antille Cuba
34%
La capitale dell'Oman Mascate
28%
Fiume che costituisce il confine naturale tra Usa e Messico Rio Grande
25%
L'isola più grande delle Piccole Antille Trinidad
13%
Nessun quiz corrispondente trovato
Distribuzione punteggi
Percentuale di utenti per punteggio
Percentile per numero di risposta
I tuoi punteggi nel tempo
Non hai fatto questo quiz